000 00828nam a2200241 4500
001 126519
003 ES-MaACL
005 20231223063102.0
007 t|
008 070214s1964 sp r ||||1| spa d
100 1 _aRépide, Pedro de,
_d1882-1948
_996267
245 1 0 _aNovelas madrileñas /
_cPedro de Répide ; selección y prólogo de Emilio Gasco Contell.
260 _aMadrid :
_bAfrodisio Aguado,
_c1964.
300 _a249 p. ;
_c18 cm.
505 8 _aContiene: Del Rastro a Maravillas ; Noche perdida ; La venganza ; La desazón de la Angustias
700 0 _aGascó Contell, Emilio.
_955842
740 0 _aDel Rastro a Maravillas.
740 0 _aNoche perdida.
740 0 _aLa venganza.
740 0 _aLa desazón de la Angustias.
852 _aES-MaACL
_jC-25714
_bR.54599
999 _c126519
_d126519